000 00878nam a2200253Ia 4500
003 OSt
005 20221005113357.0
006 a|||||r|||| 00| 0
007 ta
008 221004b |||||||| |||| 00| 0 pan d
020 _a9788179144671 (hbk)
_c220
024 _a2070
037 _b174, 18/12/2012, Orange Books International
_cTextual
040 _aCRL
_cCRL
_bpan
041 _2pan
_apan
082 _aO153,1:g, Q2
100 _aਬਲਜੀਤ ਸਿੰਘ
245 0 _aਸਮਕਾਲੀ ਕਾਵਿ ਸੰਵਾਦ
260 _aਮੋਹਾਲੀ
_bਰਘਬੀਰ ਰਚਨਾ ਪ੍ਰਕਾFਨ ਭਾਰਤ
_c2012
300 _a143ਪੰ
_ccm.
650 _aਪੰਜਾਬੀ ਸਾਹਿਤ
942 _hO153,1:g, Q2
_cTEXL
_2cc
999 _c1027973
_d1027973